| 000 | 00421nam a22001697a 4500 | ||
|---|---|---|---|
| 003 | macl | ||
| 005 | 20160203122637.0 | ||
| 008 | 160203b xxu||||| |||| 00| 0 eng d | ||
| 040 | _cmacl | ||
| 041 | _aEnglish | ||
| 082 | _a398/COU | ||
| 100 |
_aCour Ajeet _9653 |
||
| 245 | _aFolklore Stagnant Ponds Flowing Rivers | ||
| 260 |
_aNew Delhi _bFoundation Of Saarc _c2011 |
||
| 650 |
_aFolklore _936518 |
||
| 942 |
_2ddc _cBK |
||
| 999 |
_c53005 _d53005 |
||